| 000 | 00457cam a22001457a 4500 | ||
|---|---|---|---|
| 008 | 180718b1974 xxu||||| |||| 00| 0 eng d | ||
| 082 | _aA6x5451 L993 | ||
| 100 | _aLynton, Harriet Ronken | ||
| 245 |
_aDate of the beloved _cby Harriet Ronken Lynton and Mohini Rajan |
||
| 260 |
_aBerkeley _bUniversity of California Press _c1974 |
||
| 300 | _a279p. | ||
| 650 | _aMabubali Pasha, 1869-1911 | ||
| 650 | _aHyderabad (State) - History | ||
| 700 | _aRajan, Mohini | ||
| 999 |
_c347926 _d347926 |
||